STN 46 6120 Jatočný hovädzí dobytok

Bibliographic Details
Format: Book
Language:Undetermined
PhysicalDescription:8 s.
Published: Bratislava Slovenský ústav technickej normalizácie 1998

MARC

LEADER 00000nam a2200000 a 4500
001 vtls001334295
003 SK-MaSNL
005 20260223203257.0
008 160628sm y0 xo 0 und
035 |a SNK000287240 
040 |a SNK  |b slo  |c SNK  |e AACR2 
044 |a xo  |c SK 
245 1 |a STN 46 6120 Jatočný hovädzí dobytok 
260 |a Bratislava  |b Slovenský ústav technickej normalizácie  |c 1998 
300 |a 8 s. 
999 |c 693039  |d 694969 
952 |t P60, <03>, [BOOK], {603}  |a SNK  |b SNK  |y PREZ  |7 0  |p 17A0145048  |o snkSTN 46 6120  |i snkN 599/98  |0 0  |1 0  |4 0  |d 1998-06-13  |l 0  |r 2005-01-02 00:00:00  |w 2026-02-23 
952 |a SNK  |b SNK  |y PREZ  |7 0  |p 17A0145049  |o snkSTN 46 6120 D1  |i snkN 600/98  |0 0  |1 0  |4 0  |d 1998-06-13  |l 0  |r 2005-01-02 00:00:00  |w 2026-02-23